Ciudades de Argentina - ¡Muerte Súbita! - Estadísticas

Estadísticas generales
  • Esta prueba ha sido intentada 5.583 veces
  • La puntuación promedio es 11 de 24
Answers on the Grid
Answers color-coded by a green-red scale on the quiz's grid according to % correct below.
Montevideo
Córdoba
Punta Arenas
Bariloche
Paysandú
Lima
Puerto Madryn
Iquique
Cartagena
Cochabamba
Bahía Blanca
Viña del Mar
Guadalajara
Salta
San Juan
Asunción
Maracaibo
Santo Domingo
La Rioja
La Plata
Monterrey
Paraná
El Calafate
Resistencia
São Paulo
Mar Del Plata
Santa Fe
Barranquilla
Gualeguaychú
Tarija
Arequipa
Corrientes
Neuquén
Quito
Buenos Aires
La Paz
Ushuaia
Comodoro Rivadavia
Uruguyana
Guayaquil
Salto
Posadas
Antofagasta
Rosario
Formosa
Porto Alegre
Mendoza
Río Gallegos
 
Estadísticas de respuestas
Respuesta % Correcto
Buenos Aires
64%
Córdoba
60%
Rosario
60%
La Plata
59%
Mar Del Plata
57%
Mendoza
56%
Santa Fe
51%
Bariloche
49%
Ushuaia
47%
Corrientes
45%
Salta
43%
La Rioja
41%
Neuquén
40%
Bahía Blanca
39%
Comodoro Rivadavia
38%
Formosa
38%
Río Gallegos
38%
San Juan
37%
Posadas
36%
El Calafate
33%
Resistencia
33%
Puerto Madryn
32%
Paraná
30%
Gualeguaychú
25%
No se encontraron pruebas coincidentes
Distribución de puntuación
Porcentaje de gente con cada puntuación
Porcentaje por número respondido
Historial de tus puntuaciones
No has intentado esta prueba.